00542nam a22002177a 450000500170000001000130001702000220003003500130005203700160006504000120008108200130009310000160010624500530012226000370017527000230021230000240023550000190025965000220027865000210030070000030032120170124110116.0 aA-051306 c00.00a0670450871 aA-051306 bCen Lib/Ret aDPLbEN a921bMEH aMehta, Ved  aMahatma Gandhi and his apostles /cby Ved Mehta aNew YorkbThe Viking Pressc1976 aNew YorkbNew York axi,260p. c22cm(Hb) aIncludes index aPolitical Science aStatesmenzIndia